000 00762nam a2200229Ii 4500
003 JO-AjNU
008 230605s9999||||xx |||||||||||||| ||und||
017 _a2012/8/3178
020 _a978-9957-33-313-3
040 _aJO-AjNU
_bara
_erda
_cJO-AjNU
041 _aara
050 1 4 _aHD62.15.2013
100 3 _aعبدالله، عادل محمد,
_eauthor
_945666
245 0 0 _aادارة جودة الخدمات=MANAGEMENT QUALITY SERVICES
250 _aط1
264 3 1 _aعمان:مؤسسة الوراق للنشر والتوزيع،2013
300 _a244ص
336 _atext
_btxt
_2rdacontent
337 _aunmediated
_bn
_2rdamedia
338 _avolume
_bnc
_2rdacarrier
650 4 _aادارة الاعمال-ضبط الجودة-الخدمات
_945667
999 _aA19812
_c23380
_d23380